000 00633cam a22002053a 4500
001 43626
003 PGUSA
005 20140828084007.0
008 130903s2013||||xxu|||||s|||||000 | eng d
040 _aPGUSA
_beng
042 _adc
100 1 _aAndrews, William,
_d1848-1908
245 1 0 _aCurious Epitaphs :
_bCollected from the Graveyards of Great Britain and Ireland.
_h[electronic resource] /
_cWilliam Andrews
260 _bProject Gutenberg,
_c2013
506 _aPublic domain in the USA.
516 _aElectronic text
830 0 _aProject Gutenberg
_v43626
856 4 0 _uhttp://www.gutenberg.org/ebooks/43626
942 _cEB
999 _c272877
_d272877